| 000 | 03126cam a22012374i 4500 | ||
|---|---|---|---|
| 003 | PE-LiUPU | ||
| 005 | 20250813185340.0 | ||
| 008 | 161107s2016 r 000 0 spa d | ||
| 020 | _a9788491160380 | ||
| 020 | _a8491160388 | ||
| 035 | _a(Sirsi) a164930 | ||
| 040 |
_aPE-LiUPU _bspa _cPE-LiUPU _erda |
||
| 049 | _aPRUA | ||
| 082 | 0 | 4 |
_a302.23 _bN75 _220 |
| 100 | 1 | _aNoguera Vivo, José Manuel. | |
| 040 | _aPE-LiUPU | ||
| 245 |
_aTodos, todo : _bmanual de periodismo, participación y tecnología / _cJosé Manuel Noguera Vivo. |
||
| 264 |
_aBarcelona : _bUOC, _c2016. |
||
| 300 |
_a136 páginas ; _c21 centímetros. |
||
| 336 |
_text _2rdacontent |
||
| 337 |
_unmediated _2rdamedia |
||
| 338 |
_volume _2rdacarrier |
||
| 505 | 0 | _aPresentación -- Redes -- Nuevas narrativas -- Medios participativos. | |
| 526 | _aP202 | ||
| 526 | _aP201 | ||
| 526 | _aP163 | ||
| 526 | _aP162 | ||
| 526 | _aP161 | ||
| 526 | _aP160 | ||
| 526 | _aP148 | ||
| 526 | _aP147 | ||
| 526 | _aP146 | ||
| 526 | _aP145 | ||
| 526 | _aP144 | ||
| 526 | _aP143 | ||
| 526 | _aP142 | ||
| 526 | _aP141 | ||
| 526 | _aP140 | ||
| 526 | _aP139 | ||
| 526 | _aP138 | ||
| 526 | _aP137 | ||
| 526 | _aP136 | ||
| 526 | _aP135 | ||
| 526 | _aP134 | ||
| 526 | _aP133 | ||
| 526 | _aP129 | ||
| 526 | _aP128 | ||
| 526 | _aP127 | ||
| 526 | _aP120 | ||
| 526 | _aP119 | ||
| 526 | _aP118 | ||
| 526 | _aP116 | ||
| 526 | _aP115 | ||
| 526 | _aP114 | ||
| 526 | _aP110 | ||
| 526 | _aP109 | ||
| 526 | _aP108 | ||
| 526 | _aP104 | ||
| 526 | _aP103 | ||
| 526 | _aP102 | ||
| 526 | _aP99 | ||
| 526 | _aP98 | ||
| 526 | _aP97 | ||
| 526 | _aP96 | ||
| 526 | _aP95 | ||
| 526 | _aP93 | ||
| 526 | _aP90 | ||
| 526 | _aP89 | ||
| 526 | _aP88 | ||
| 526 | _aP83 | ||
| 526 | _aP82 | ||
| 526 | _aP62 | ||
| 526 | _aP59 | ||
| 526 | _aP58 | ||
| 526 | _aP57 | ||
| 526 | _aP51 | ||
| 526 | _aP49 | ||
| 526 | _aP48 | ||
| 526 | _aP47 | ||
| 526 | _aP29 | ||
| 526 | _aP24 | ||
| 526 | _aP20 | ||
| 526 | _aP19 | ||
| 526 | _aP17 | ||
| 526 | _aP15 | ||
| 526 | _aP14 | ||
| 526 | _aP12 | ||
| 526 | _aP10 | ||
| 526 | _aP09 | ||
| 526 | _aP08 | ||
| 526 | _aP07 | ||
| 526 | _aP06 | ||
| 526 | _aP05 | ||
| 526 | _aP04 | ||
| 526 | _aP01 | ||
| 541 | _g001-003305; | ||
| 541 | _g001-003373; | ||
| 650 | 0 | 4 | _aMedios de comunicación social |
| 650 | 0 | 4 | _aRedes sociales en línea |
| 650 | 0 | 4 |
_aPeriodismo _xInnovaciones tecnológicas |
| 650 | 0 | 4 | _aMedios digitales |
| 596 | _a1 | ||
| 942 |
_2ddc _cBOOK |
||
| 999 |
_a302.23 N75 _wDEWEY _c13722 _i75275 _f2021-11-8 _g5 _lCCODEBUL1 _mBUL _p23.66 _r0 _sY _tBOOK _u2016-11-7 _xEDUCACION _PP07 _0COMPRA _o.STAFF. Colección Ciencias de la Comunicación. _d13722 |
||
| 999 |
_a302.23 N75 _wDEWEY _c2 _i75966 _d2019-6-7 _f2021-11-8 _g4 _lCCODEBUL1 _mBUL _p24.47 _q1 _r0 _sY _tBOOK _u2017-5-31 _xEDUCACION _PP07 _0COMPRA _o.STAFF. Colección Ciencias Humanas y Educación |
||
| 980 |
_81 _gALBERTO SANCHEZ Responsable de Automatización |
||